| 000 | 00645am a2200253a 44500 | ||
|---|---|---|---|
| 003 | AR-BaBNM | ||
| 005 | 20251128211137.0 | ||
| 008 | 172120s1985 #AR|||||||||||000 | esp|| | ||
| 020 | _a84-7291-937-4 | ||
| 040 | _cAR-BaBNM | ||
| 100 | 1 | _aTenenti, Alberto | |
| 245 | 1 | 0 | _aFlorencia en la época de los Médicis |
| 260 |
_aMadrid _bSarpe _c1985 |
||
| 300 | _a161 p. | ||
| 490 | 0 |
_aBiblioteca de la historia _vv. 49 |
|
| 650 | 4 | _aHISTORIA POLITICA | |
| 650 | 4 | _aHISTORIA DE LAS IDEAS | |
| 650 | 4 | _aHISTORIA MODERNA | |
| 650 | 4 | _aHISTORIA SOCIAL | |
| 650 | 4 | _aHISTORIA EUROPEA | |
| 651 | 4 | _aItalia | |
| 942 | _cBK | ||
| 998 | _cmariana | ||
| 999 |
_c18435 _d18435 |
||